Régions françaises - mort subite - Statistiques

Statistiques générales
  • Ce quiz a été pris 1 352 fois
  • Le résultat moyen est 8 sur 13
Answers on the Grid
Answers color-coded by a green-red scale on the quiz's grid according to % correct below.
Île-de-France
Gascogne
Hauts-de-France
Artois
Limousin
Lorraine
Bourgogne-Franche-Comté
Saint-Barthélemy
Languedoc
Bretagne
Centre-Val de Loire
Savoie
Pays de la Loire
Corse
Poitou-Charente
Normandie
Nouvelle-Aquitaine
Dauphiné
Grand Lyon
Alsace
Auvergne-Rhône-Alpes
Nouvelle-Austrasie
Champagne
Occitanie
Grand-Est
Roussillon
Provence-Alpes-Côte d'Azur
 
Statistiques - réponses
Réponse % Correct
Île-de-France
93%
Hauts-de-France
69%
Bourgogne-Franche-Comté
59%
Auvergne-Rhône-Alpes
57%
Provence-Alpes-Côte d'Azur
57%
Grand-Est
55%
Nouvelle-Aquitaine
55%
Bretagne
54%
Centre-Val de Loire
54%
Pays de la Loire
54%
Normandie
51%
Occitanie
51%
Corse
50%
Aucun quiz correspondant
Distribution des résultats
% des personnes avec chaque résultat
Percentile par nombre de réponses
Votre historique - résultats
Vous n’avez pas pris ce quiz